|
|
|
|
| LEADER |
01145nam a2200301 a 4500 |
| 001 |
00003656 |
| 008 |
110821s1988 caua b 000 0 eng d |
| 010 |
|
|
|a 86643030
|
| 040 |
|
|
|a LAD
|c LAD
|d EZL
|d ATO
|d BD-DhAAL
|
| 082 |
0 |
4 |
|a 658.3
|
| 245 |
0 |
0 |
|a 1988 annual, developing human resources /
|c edited by J. William Pfeiffer.
|
| 250 |
|
|
|a 17th annual.
|
| 260 |
|
|
|a San Diego, Calif. :
|b University Associates,
|c c1988.
|
| 300 |
|
|
|a x, 293 p. :
|b ill. ;
|c 22 cm.
|
| 490 |
1 |
|
|a Series in human resources development.
|
| 504 |
|
|
|a Includes bibliographical notes.
|
| 541 |
1 |
|
|e 00003656
|
| 650 |
|
0 |
|a Managerial economics.
|
| 650 |
|
0 |
|a Problem solving.
|
| 650 |
|
0 |
|a Personnel management.
|
| 650 |
|
6 |
|a Bestuursekonomie
|
| 650 |
|
6 |
|a Probleemoplossing
|
| 650 |
|
6 |
|a Personeelbestuur
|
| 700 |
1 |
|
|a Pfeiffer, J. William.
|
| 740 |
0 |
1 |
|a Developing human resources.
|
| 852 |
4 |
|
|a Ayesha Abed Library
|j General Shelf.
|
| 999 |
|
|
|c 11213
|d 11213
|
| 952 |
|
|
|0 0
|1 0
|2 ddc
|4 0
|6 658_300000000000000_ANN
|7 0
|9 17903
|a BRACUL
|b BRACUL
|c GEN
|d 2011-08-23
|g 0.00
|l 1
|m 5
|o 658.3 ANN
|p 3010003656
|r 2013-12-31
|s 2013-11-22
|t 1
|w 2011-08-23
|y BK
|z Not price in Register
|